[Event "Padova op-A 5th"]
[Site "Padova"]
[Date "2002.12.21"]
[Round "4.22"]
[White "Lenza, Leopoldo"]
[Black "Valentini, Paola"]
[Result "0-1"]
[WhiteElo "1417"]
[BlackElo "1732"]
[PlyCount "66"]
[EventDate "2002.12.14"]
[EventType "swiss"]
[EventRounds "6"]
[EventCountry "ITA"]
[SourceTitle "EXT 2023"]
[Source "ChessBase"]
[SourceDate "2022.10.05"]
[SourceVersion "1"]
[SourceVersionDate "2022.10.05"]
[SourceQuality "1"]

1. e4 c5 2. Nf3 Nc6 3. d4 cxd4 4. Nxd4 d6 5. Nc3 g6 6. Be3 Bg7 7. Qd2 Nf6 8. Bb5 Bd7 9. 0-0 0-0 10. Be2 a6 11. Nf3 Bg4 12. Bh6 Rc8 13. Bxg7 Kxg7 14. h3 Bxf3 15. Bxf3 Ne5 16. Bd1 Qa5 17. Qe1 Nc4 18. b3 Nb2 19. b4 Qxb4 20. Nd5 Qxe1 21. Rxe1 Nxd1 22. Raxd1 Rfe8 23. Rc1 Rc4 24. f3 Nxd5 25. exd5 Kf6 26. Re3 Rec8 27. Rce1 R8c7 28. c3 Rxc3 29. Rxc3 Rxc3 30. Re2 Rd3 31. Rb2 b5 32. Rc2 Rxd5 33. Kf2 Rc5 0-1